000 00281nam a2200109Ia 4500
008 220713s9999 xx 000 0 und d
020 _a978 0 85732 980 6
082 _aST 658.4012 FINA
100 _aNo author, editors only
245 0 _aFinancial Strategy: Paper F3
942 _cBK
_w561
_xJohn Tresidder
_y561
_zJohn Tresidder
999 _c707247
_d707246